000 00429nam a2200181Ia 4500
001 19218
005 20260306171728.0
008 260306s9999||||xx |||||||||||||| ||und||
041 _aESP
082 _a658.804
_bL21
100 _aLambin, Jean-Jacques
_eAUT
245 0 _aCasos prácticos de marketing
260 _c1995
300 _a427 páginas :
_c23 cm.
650 _aGEN
654 _aCAN
942 _cLIB
_dJUS
_fJUS
_2ddc
_n
999 _c19218
_d19218